La gitanilla

Salvato in:
Dettagli Bibliografici
Autore principale: Cervantes y Saavedra, Miguel de (Autore)
Natura: Libro
Lingua:spagnolo
Pubblicazione: Zaragoza Ebro 1979
Edizione:10a. ed
Serie:Biblioteca Clásica Ebro. Clásicos Españoles, 50
Soggetti:
Tags: Aggiungi Tag
Nessun Tag, puoi essere il primo ad aggiungerne!!

MARC

LEADER 00000nam a2200000 a 4500
001 UCQ1975
003 CL-VaPUC
008 980721e19790000SP |||||||||||||||||spa|d
082 0 4 |a 863  |b CER  |2 21 
100 |a Cervantes y Saavedra, Miguel de  |e author  |9 267947 
245 1 3 |a La gitanilla 
246 1 3 |a La española inglesa 
250 |a 10a. ed 
300 |a 149 p 
942 |c BK 
945 |d 19980721 00:00:00  |a lriquelm 
260 |a Zaragoza  |b Ebro  |c 1979 
650 0 |a Novelas españolas  |9 265052 
650 0 |a Literatura española  |9 306261 
583 |a last modification  |c 19980721 00:00:00  |k Rodrigo Vera 
490 0 |a Biblioteca Clásica Ebro. Clásicos Españoles, 50 
999 |c 272818  |d 272816 
952 |0 0  |1 0  |4 0  |6 863_000000000000000_CER_1979  |7 0  |8 A  |9 307993  |a BIBEDU  |b BIBEDU  |d 2019-11-20  |i 1438980  |o 863 CER 1979  |p 1438980  |r 2019-11-20  |w 2019-11-20  |y BK  |k LIT